| 000 | 00719nam a2200241 a 4500 | ||
|---|---|---|---|
| 999 |
_c1010 _d1010 |
||
| 001 | 10583 | ||
| 003 | BD-DhUAP | ||
| 005 | 20210119100805.0 | ||
| 008 | 091019t20042006ii b 001 0 eng d | ||
| 040 |
_aDLC _cDLC _dBD-DhUAP |
||
| 082 | 0 | 0 |
_a340.59 RAS _223 |
| 100 | 0 |
_aRashid, Syed Khalid. _916939 |
|
| 245 | 1 | 0 |
_aMuslim law / _cSyed Khalid Rashid ; revised by V. P. Bharatiya. |
| 250 | _a4th ed. | ||
| 260 |
_aLucknow, _bEastern Book Co. _cc2004 [Reprinted 2006]. |
||
| 300 |
_axx, 412 pages ; _c22 cm. |
||
| 504 | _aIncludes bibliographical references and index. | ||
| 650 |
_aIslamic law _zIndia. |
||
| 700 | _aBharatiya, V. P. | ||
| 942 |
_2ddc _cBK |
||